000 00477nam a2200181Ii 4500
003 JO-AjNU
008 230606s9999||||xx |||||||||||||| ||und||
040 _aJO-AjNU
_beng
_erda
_cJO-AjNU
041 _aeng
050 1 4 _aSB106
100 3 _aMabry,tom,
_eauthor
_92945
245 0 0 _aplant Biotechnology
300 _a202p
336 _atext
_btxt
_2rdacontent
337 _aunmediated
_bn
_2rdamedia
338 _avolume
_bnc
_2rdacarrier
650 4 _aplant Biotechnology
_92946
999 _aE1543
_c1543
_d1543